| 000 | 00523nam a22001937a 4500 | ||
|---|---|---|---|
| 999 |
_c7661 _d7661 |
||
| 003 | OSt | ||
| 005 | 20220128144613.0 | ||
| 008 | 220128b ||||| |||| 00| 0 eng d | ||
| 020 | _a9780521003858 | ||
| 040 | _cDDC | ||
| 082 | _a305.4 DEM 2000 | ||
| 100 |
_aNussbaum, Martha C _915669 |
||
| 245 |
_aWomen and Human Development : _bThe Capabilities Approach |
||
| 260 |
_aNew York: _bCambridge University ; _cC2000 |
||
| 300 |
_axxi, _c23 cm |
||
| 504 | _aIncudes index | ||
| 600 | _2Women emancipation | ||
| 942 |
_2ddc _cBOOK |
||